|
|
|
|
| LEADER |
02218nam a2200433 i 4500 |
| 001 |
EBC2030606 |
| 003 |
MiAaPQ |
| 005 |
20200909225244.0 |
| 006 |
m o d | |
| 007 |
cr cnu|||||||| |
| 008 |
150425t20152015enka ob 000 0 eng d |
| 020 |
|
|
|z 9781785601064
|
| 020 |
|
|
|a 9781785601071
|q (electronic bk.)
|
| 035 |
|
|
|a (MiAaPQ)EBC2030606
|
| 035 |
|
|
|a (Au-PeEL)EBL2030606
|
| 035 |
|
|
|a (CaPaEBR)ebr11043421
|
| 035 |
|
|
|a (OCoLC)909899814
|
| 040 |
|
|
|a MiAaPQ
|b eng
|e rda
|e pn
|c MiAaPQ
|d MiAaPQ
|
| 050 |
|
4 |
|a HD62.15
|b .T665 2015
|
| 082 |
0 |
|
|a 658.562
|2 23
|
| 245 |
0 |
0 |
|a TQM journal :
|b the international review of organizational improvement : formerly The TQM Magazine : selected papers from the 18th International Conference on ISO & TQM and the 17th Toulon-Verona Conference /
|c guest editors, professor Sam Ho, Dr. Jacques Martin and professor Claudio Baccarani.
|
| 264 |
|
1 |
|a [Bradford, England] :
|b Emerald,
|c [2015]
|
| 264 |
|
4 |
|c [2015]
|
| 300 |
|
|
|a 1 online resource (113 pages) :
|b illustrations, tables, graphs.
|
| 336 |
|
|
|a text
|2 rdacontent
|
| 337 |
|
|
|a computer
|2 rdamedia
|
| 338 |
|
|
|a online resource
|2 rdacarrier
|
| 490 |
0 |
|
|a TQM Journal,
|x 1754-2731 ;
|v Volume 27, Number 2
|
| 504 |
|
|
|a Includes bibliographical references at the end of each chapters.
|
| 588 |
|
|
|a Description based on online resource; title from PDF title page (ebrary, viewed April 25, 2015).
|
| 590 |
|
|
|a Electronic reproduction. Ann Arbor, MI : ProQuest, 2016. Available via World Wide Web. Access may be limited to ProQuest affiliated libraries.
|
| 650 |
|
0 |
|a Total quality management.
|
| 655 |
|
4 |
|a Electronic books.
|
| 700 |
1 |
|
|a Ho, Sam,
|e editor.
|
| 700 |
1 |
|
|a Martin, Jacques,
|e editor.
|
| 700 |
1 |
|
|a Baccarani, Claudio,
|e editor.
|
| 776 |
0 |
8 |
|i Print version:
|t TQM journal : the international review of organizational improvement : formerly The TQM Magazine : selected papers from the 18th International Conference on ISO & TQM and the 17th Toulon-Verona Conference.
|d [Bradford, England] : Emerald, c[2015]
|h 276 pages
|k TQM Journal ; Volume 27, Number 2
|z 9781785601064
|
| 797 |
2 |
|
|a ProQuest (Firm)
|
| 856 |
4 |
0 |
|u https://ebookcentral.proquest.com/lib/matrademy/detail.action?docID=2030606
|z Click to View
|